000 00668nam a2200253Ia 4500
005 20260123170732.0
008 008 260114s9999 xx 000 0 eng d
020 _a9780301062624
037 _aEBOOK
040 _aCRL
040 _beng
040 _cCRL
041 _2eng
041 _aeng
084 _qCRL
100 _aSabyasachi Bhattacharya and Yagati Chinna Rao (eds.)
_91107042
245 4 _aThe Past of the Outcaste: Readings in Dalit History
260 _bOrient Blackswan
260 _c2017
856 _uhttps://ebooks.orientblackswandigital.com/product/past-outcaste
942 _cEBOOK
999 _c1672153
_d1672153